000 00437nam a2200181Ia 4500
001 12981
005 20260306163020.0
008 260306t1959||||xx |||||||||||||| ||spa||
041 _aESP
082 _aRD 503
_bL536
100 _aLeonardi, Rafael
_eAUT
245 0 _aDiccionario ilustrado de las ciencias puras y aplicadas
260 _c1959
300 _a
_c24 cm.
650 _aGEN
654 _aCCN
942 _cDIC
_dJUS
_fJUS
_2ddc
_n
999 _c12981
_d12981